Statistics for Former Names of English Football & Premier League Stadia

Click here to take the quiz!

General Stats

  • This quiz has been taken 93 times
  • The average score is 10 of 21

Answer Stats

NamesLeagueCLUB% Correct
Reebok StadiumChamp.Bolton Wanderers
90%
Pride Park StadiumChamp.Derby County
88%
JJB StadiumLeague 1Wigan Athletic
88%
Cellnet Riverside, BT Cellnet Riverside (both Stadium)Champ.Middlesbrough
78%
Kirklees, Alfred McAlpine, Galpharm (all Stadium)Champ.Huddersfield Town
73%
London RoadLeague 1Peterborough United
70%
New York StadiumChamp.Rotherham United
70%
Osborne Road, Brisbane RoadLeague 2Leyton Orient
64%
Bescot StadiumLeague 1Walsall
56%
Falmer StadiumChamp.Brighton & Hove Albion
54%
Field MillLeague 2Mansfield Town
43%
KitKat CrescentLeague 2York City
43%
Goldsands, Seward, Fitness First (all Stadium)PremierAFC Bournemouth
41%
KingsmeadowLeague 2AFC Wimbledon
41%
Broadhall WayLeague 2Stevenage
30%
Broadfield StadiumLeague 2Crawley Town
28%
Interlink Express, Fraser Eagle (both Stadium), Crown GroundLeague 2Accrington Stanley
23%
b2net StadiumLeague 1Chesterfield
17%
Old Peacock GroundChamp.Leeds United
12%
Causeway StadiumLeague 2Wycombe Wanderers
11%
Victoria RoadLeague 2Dagenham & Redbridge
5%

Score Distribution

Percentile by Number Answered

Percent of People with Each Score

Your Score History

You have not taken this quiz